| 000 | 00459nam a22001817a 4500 | ||
|---|---|---|---|
| 003 | MPLRDC | ||
| 005 | 20220104184834.0 | ||
| 008 | 210129b ||||| |||| 00| 0 eng d | ||
| 020 | _a986-01-6005-5 | ||
| 082 | _a719.27 LB | ||
| 100 | _a李斌总策划 | ||
| 245 |
_a茶香坪林--单车漫慢游 _c |
||
| 250 | _a初版 | ||
| 260 |
_a台湾 _b台北县政府文化局 _c2008 |
||
| 300 | _b平 | ||
| 650 | _a台湾旅游--台北 | ||
| 942 |
_cBK _o719.27 LB |
||
| 999 |
_c63056 _d63046 |
||